=LDR 00000nam 2200000 4500 =001 INLIS000000000046550 =005 20150408123757.0 =006 =007 =008 =035 ##$$0010-041500000000032 =040 ##$$a NBPDMAT =082 ##$$a 819.8 =090 ##$$a 819.8$bHam s =100 ##$$a Hamzah, Amir =245 ##$$a Sastera melayu lama dan raja-rajanya$camir Hamzah =250 ##$$a Cet.2 =260 ##$$a Jakarta$bDian Rakyat$c1982 =300 ##$$a iv,42 hlm.$c21 cm. =650 ##$$a Kesusasteraan melayu =850 ##$$a NBPNMAT =990 ##$$a 77.971/pro-94 =990 ##$$a 0001/BPAP-NTB/20142015